<?xml version="1.0" encoding="UTF-8"?>
<record
    xmlns:xsi="http://www.w3.org/2001/XMLSchema-instance"
    xsi:schemaLocation="http://www.loc.gov/MARC21/slim http://www.loc.gov/standards/marcxml/schema/MARC21slim.xsd"
    xmlns="http://www.loc.gov/MARC21/slim">

  <leader>02556cam a22003015a 4500</leader>
  <controlfield tag="001">18110747</controlfield>
  <controlfield tag="005">20160217150232.0</controlfield>
  <controlfield tag="008">140410s2014    enka   frb    001 0 eng d</controlfield>
  <datafield tag="020" ind1=" " ind2=" ">
    <subfield code="a">9781118923627 (cloth : alk. paper)</subfield>
  </datafield>
  <datafield tag="040" ind1=" " ind2=" ">
    <subfield code="a">DLC</subfield>
    <subfield code="b">eng</subfield>
    <subfield code="c">DLC</subfield>
    <subfield code="d">EG-ScBUE</subfield>
  </datafield>
  <datafield tag="082" ind1="0" ind2="4">
    <subfield code="2">22</subfield>
    <subfield code="a">658.83</subfield>
    <subfield code="b">HAD</subfield>
  </datafield>
  <datafield tag="100" ind1="1" ind2=" ">
    <subfield code="a">Hedin, Hans.</subfield>
    <subfield code="9">39376</subfield>
  </datafield>
  <datafield tag="245" ind1="1" ind2="4">
    <subfield code="a">The handbook of market intelligence :</subfield>
    <subfield code="b">understand, compete and grow in global markets /</subfield>
    <subfield code="c">Hans Hedin, Irmeli Hirvensalo, Markko Vaarnas.</subfield>
  </datafield>
  <datafield tag="250" ind1=" " ind2=" ">
    <subfield code="a">2nd ed.</subfield>
  </datafield>
  <datafield tag="260" ind1=" " ind2=" ">
    <subfield code="a">West Sussex :</subfield>
    <subfield code="b">John Wiley &amp; Sons,</subfield>
    <subfield code="c">2014.</subfield>
  </datafield>
  <datafield tag="300" ind1=" " ind2=" ">
    <subfield code="a">x, 276 p. :</subfield>
    <subfield code="b">ill. ;</subfield>
    <subfield code="c">24 cm.</subfield>
  </datafield>
  <datafield tag="500" ind1=" " ind2=" ">
    <subfield code="a">Index : p. [267]-276.</subfield>
  </datafield>
  <datafield tag="504" ind1=" " ind2=" ">
    <subfield code="a">Includes bibliographical references.</subfield>
  </datafield>
  <datafield tag="505" ind1="0" ind2=" ">
    <subfield code="a">Preface to the second edition -- About the authors -- About global intelligence alliance -- Market intelligence in global organizations -- Market intelligence : drivers and benefits -- Market intelligence in global organizations : survey findings in 2013 -- Roadmap to world class market intelligence -- Key success factors of world class market intelligence -- Intelligence scope : determining the purpose, target groups and focus areas of an intelligence program -- Intelligence process : turning random data into meaningful insight -- Intelligence deliverables : building a high-impact market intelligence product portfolio -- Intelligence tools : collecting, storing and disseminating intelligence -- Intelligence organization : the people and resources that generate the impact -- Intelligence culture : engaging the organization in market intelligence -- Market intelligence for key user groups -- Market intelligence for current awareness across the organization -- Market intelligence for strategic planning -- Market intelligence for marketing, sales and account management -- Market intelligence for innovation and product life cycle management -- Market intelligence for supply chain management -- Developing world class market intelligence programs -- Implementing market intelligence programs -- How to develop an existing market intelligence program for greater impact -- Measuring the impact of mi -- Trends in market intelligence -- Index.</subfield>
  </datafield>
  <datafield tag="650" ind1=" " ind2="7">
    <subfield code="a">Business intelligence.</subfield>
    <subfield code="2">BUEsh</subfield>
    <subfield code="9">3881</subfield>
  </datafield>
  <datafield tag="650" ind1=" " ind2="7">
    <subfield code="a">Marketing research.</subfield>
    <subfield code="2">BUEsh</subfield>
    <subfield code="9">20890</subfield>
  </datafield>
  <datafield tag="651" ind1=" " ind2=" ">
    <subfield code="2">BUEsh</subfield>
  </datafield>
  <datafield tag="653" ind1=" " ind2=" ">
    <subfield code="b">BUSADM</subfield>
    <subfield code="c">February2016</subfield>
  </datafield>
  <datafield tag="700" ind1="1" ind2=" ">
    <subfield code="a">Hirvensalo, Irmeli.</subfield>
  </datafield>
  <datafield tag="700" ind1="1" ind2=" ">
    <subfield code="a">Vaarnas, Markko.</subfield>
  </datafield>
  <datafield tag="776" ind1="0" ind2="8">
    <subfield code="i">Online version:</subfield>
    <subfield code="a">Hedin, Hans.</subfield>
    <subfield code="t">Handbook of market intelligence</subfield>
    <subfield code="b">2nd Edition.</subfield>
    <subfield code="d">Hoboken : Wiley, 2014</subfield>
    <subfield code="z">9781118923610</subfield>
    <subfield code="w">(DLC) 2014014559</subfield>
  </datafield>
  <datafield tag="942" ind1=" " ind2=" ">
    <subfield code="2">ddc</subfield>
  </datafield>
  <datafield tag="999" ind1=" " ind2=" ">
    <subfield code="c">21180</subfield>
    <subfield code="d">21152</subfield>
  </datafield>
  <datafield tag="952" ind1=" " ind2=" ">
    <subfield code="0">0</subfield>
    <subfield code="1">0</subfield>
    <subfield code="2">ddc</subfield>
    <subfield code="4">0</subfield>
    <subfield code="7">0</subfield>
    <subfield code="8">Academic</subfield>
    <subfield code="a">MAIN</subfield>
    <subfield code="b">MAIN</subfield>
    <subfield code="c">1ST</subfield>
    <subfield code="d">2016-02-17</subfield>
    <subfield code="e">Purchase</subfield>
    <subfield code="g">520.00</subfield>
    <subfield code="h">4873</subfield>
    <subfield code="l">1</subfield>
    <subfield code="m">20</subfield>
    <subfield code="o">658.83 HAD</subfield>
    <subfield code="p">000031607</subfield>
    <subfield code="r">2025-07-15 00:00:00</subfield>
    <subfield code="s">2020-02-11</subfield>
    <subfield code="v">650.00</subfield>
    <subfield code="y">BB</subfield>
  </datafield>
</record>
